[Event "American Cup Blitz 2026"]
[Site "Saint Louis USA"]
[Date "2026.03.02"]
[Round "3.20"]
[White "Bilovil, Bogdan"]
[Black "Fier, Alexandr"]
[Result "0-1"]
[WhiteTitle "IM"]
[BlackTitle "GM"]
[WhiteElo "2446"]
[BlackElo "2572"]
[WhiteFideId "14168766"]
[BlackFideId "2107139"]
[EventDate "2026.03.02"]

1. d4 Nf6 2. c4 e6 3. Nf3 c5 4. d5 d6 5. Nc3 exd5 6. cxd5 g6 7. Bf4 Bg7 8. e3
O-O 9. h3 Re8 10. Rc1 Ne4 11. Nxe4 Rxe4 12. Nd2 Rxf4 13. exf4 Bxb2 14. Rc2 Bg7
15. Bd3 Na6 16. Bxa6 bxa6 17. O-O Bf5 18. Nc4 Bxc2 19. Qxc2 Qe7 20. Qa4 Qb7 21.
Rd1 Bd4 22. Ne3 Qb5 23. Qc2 Bxe3 24. fxe3 Rb8 25. e4 Qb4 26. Kh2 Re8 27. Rb1
Qxe4 28. Qxe4 Rxe4 29. Rb8+ Kg7 30. Rd8 Rxf4 31. Rxd6 Ra4 32. Rc6 Rxa2 33. Rxc5
a5 34. Rc7 Rd2 35. Rc5 a4 36. Ra5 Rd4 37. Rxa7 h5 38. d6 Kf6 39. d7 Ke7 40.
d8=Q+ Kxd8 41. Rxf7 a3 42. Ra7 Rd3 43. h4 Kc8 44. Kg1 Kb8 45. Ra4 Kb7 46. Kf2
Kb6 47. Ke2 Rg3 48. Kf2 Rc3 49. Ra8 Kb5 50. g4 hxg4 51. Kg2 Kb4 52. Rb8+ Kc4 53.
Ra8 Kb3 54. Rb8+ Kc2 55. Ra8 Kb2 0-1

[Event "American Cup Blitz 2026"]
[Site "Saint Louis USA"]
[Date "2026.03.02"]
[Round "3.21"]
[White "Can, Isik"]
[Black "Bilych, Oleksii"]
[Result "1-0"]
[WhiteTitle "GM"]
[BlackTitle "IM"]
[WhiteElo "2562"]
[BlackElo "2450"]
[WhiteFideId "6383742"]
[BlackFideId "14156504"]
[EventDate "2026.03.02"]

1. e4 e5 2. Nf3 Nc6 3. Bb5 a6 4. Bxc6 dxc6 5. O-O Qf6 6. d4 exd4 7. Bg5 Qd6 8.
Nxd4 Bd7 9. Nc3 c5 10. Nb3 Qxd1 11. Raxd1 Bd6 12. Na5 f6 13. Bh4 O-O-O 14. Nc4
Bf8 15. Rd2 Be6 16. Rxd8+ Kxd8 17. Rd1+ Kc8 18. Nd5 Ne7 19. Nce3 h5 20. Bg3 Bxd5
21. Nxd5 Nxd5 22. Rxd5 h4 23. Bf4 Be7 24. f3 Rd8 25. Rxd8+ Kxd8 26. b3 Kd7 27.
Kf2 Bd6 28. Be3 Bxh2 29. f4 Ke6 30. Kf3 Bg3 31. Bxc5 f5 32. Bd4 g6 33. c4 Be1
34. Be5 c6 35. Bc7 Bc3 36. Bd8 Bf6 37. Bc7 Be7 38. Be5 Bd8 39. Bc3 Be7 40. b4 b5
41. cxb5 cxb5 42. a3 Bd6 43. Ke3 Bc7 44. Be1 Bd8 45. Kd4 Bf6+ 46. e5 Be7 47. Bf2
g5 48. fxg5 Bxg5 49. Kc5 Kxe5 50. Kb6 f4 51. Kxa6 f3 52. gxf3 h3 53. Bg1 Be3 54.
Bh2+ Bf4 55. Bg1 Bg3 56. Kxb5 Kf4 57. a4 Kxf3 58. a5 Bf2 59. Bh2 Kg2 60. Bd6 1-0

[Event "American Cup Blitz 2026"]
[Site "Saint Louis USA"]
[Date "2026.03.02"]
[Round "3.22"]
[White "Rorrer, Grayson"]
[Black "Sonis, Francesco"]
[Result "0-1"]
[WhiteTitle "IM"]
[BlackTitle "GM"]
[WhiteElo "2415"]
[BlackElo "2561"]
[WhiteFideId "30944996"]
[BlackFideId "895733"]
[EventDate "2026.03.02"]

1. d4 Nf6 2. c4 g6 3. Nc3 d6 4. e4 Bg7 5. Be2 O-O 6. h4 h5 7. Bg5 Nbd7 8. Nf3 e5
9. d5 a5 10. Qc2 Nc5 11. O-O-O Bg4 12. Nh2 Bxe2 13. Qxe2 Qd7 14. f3 Nh7 15. g4
Nxg5 16. hxg5 h4 17. Qf2 f6 18. Qxh4 fxg5 19. Qxg5 Qf7 20. Kc2 a4 21. Qe3 Qe7
22. g5 Rf4 23. Ng4 Raf8 24. Rh3 Kf7 25. Ne2 Qxg5 26. Nxf4 exf4 27. Qg1 Ke8 28.
Rh7 Rf7 29. Qf2 Qe7 30. Qh4 Qxh4 31. Rxh4 Rf8 32. Rh7 Kf7 33. Rg1 Nd7 34. Nh6+
Kf6 35. Ng4+ Kf7 36. Rh2 Rc8 37. Rhg2 c6 38. b3 b5 39. dxc6 Rxc6 40. Rd1 axb3+
41. axb3 bxc4 42. bxc4 Nb6 43. Kd3 Nxc4 44. Ke2 Ra6 45. Kf1 Be5 46. Rc2 Ra4 47.
Rdc1 Ne3+ 48. Nxe3 fxe3 49. Ke2 g5 50. Rc4 Ra5 51. R1c2 Bf4 52. Rd4 Ke6 53. Rd3
Ra8 54. Rd1 Rh8 55. Rf1 Rh2+ 56. Kd3 Rh3 57. Ke2 Ke5 58. Kd3 Kf6 59. Kd4 Kg6 60.
Rg2 Kh5 61. Kd5 Kh4 62. Rg4+ Kh5 63. Rg2 Rh4 64. Ke6 Kg6 65. Kd5 Rh8 66. Rd1 Rc8
67. Kd4 Kf6 68. Rh1 Kg7 69. Kd3 Ra8 70. Kd4 Ra4+ 71. Kd5 Ra3 72. Re2 Kg6 73. Kd4
Rb3 74. Kc4 Rb8 75. Kd5 Rb4 76. Rd1 Ra4 77. Rd4 Ra1 78. Rd3 Ra5+ 79. Kc4 Rc5+
80. Kb4 Kf6 81. Kb3 Ke5 82. Kb2 Rc8 83. Rd5+ Ke6 84. Rd1 Rh8 85. Rf1 Ke5 86. Kc3
g4 87. fxg4 Kxe4 88. Ra2 Be5+ 89. Kb3 d5 90. Re1 d4 91. Ra4 Rc8 92. g5 Rg8 93.
Raa1 Rxg5 94. Rac1 d3 95. Rc4+ Bd4 96. Rc8 Re5 97. Rh1 e2 98. Rch8 Rb5+ 99. Kc4
Rc5+ 100. Kb4 Bxh8 0-1

[Event "American Cup Blitz 2026"]
[Site "Saint Louis USA"]
[Date "2026.03.02"]
[Round "3.23"]
[White "Alexakis, Dimitris"]
[Black "Kiolbasa, Oliwia"]
[Result "0-1"]
[WhiteTitle "GM"]
[BlackTitle "IM"]
[WhiteElo "2538"]
[BlackElo "2397"]
[WhiteFideId "4277023"]
[BlackFideId "1154613"]
[EventDate "2026.03.02"]

1. e4 e6 2. d4 d5 3. Nc3 Nf6 4. Bg5 Be7 5. e5 Nfd7 6. Bxe7 Qxe7 7. f4 a6 8. Qh5
g6 9. Qh6 c5 10. Nf3 Nc6 11. O-O-O b5 12. h4 Bb7 13. h5 O-O-O 14. Qg5 f6 15.
exf6 Nxf6 16. hxg6 hxg6 17. Rxh8 Rxh8 18. dxc5 Qf7 19. Bd3 Rg8 20. Re1 Nd7 21.
Qg3 Nxc5 22. Ng5 Qd7 23. Qh3 Nb4 24. Be2 d4 25. Bg4 dxc3 26. Qxc3 Nxa2+ 0-1

[Event "American Cup Blitz 2026"]
[Site "Saint Louis USA"]
[Date "2026.03.02"]
[Round "3.24"]
[White "Krush, Irina"]
[Black "Harsha, Bharathakoti"]
[Result "0-1"]
[WhiteTitle "GM"]
[BlackTitle "GM"]
[WhiteElo "2402"]
[BlackElo "2538"]
[WhiteFideId "2012782"]
[BlackFideId "5078776"]
[EventDate "2026.03.02"]

1. d4 e6 2. c4 b6 3. e4 Bb4+ 4. Bd2 Bxd2+ 5. Qxd2 d5 6. cxd5 exd5 7. e5 Ne7 8.
Nc3 O-O 9. f4 c5 10. Nf3 Nbc6 11. Be2 Bg4 12. Ng5 Qd7 13. Bxg4 Qxg4 14. dxc5
bxc5 15. O-O h6 16. Nf3 Rfd8 17. Nb5 Nf5 18. Rac1 c4 19. Nc7 Rac8 20. Nxd5 Ncd4
21. Qf2 Nxf3+ 22. Qxf3 Qxf3 23. Rxf3 Rxd5 24. Rfc3 Rd4 25. g3 h5 26. b3 g6 27.
bxc4 Rc5 28. R1c2 Kg7 29. Kf2 Kf8 30. h3 h4 31. g4 Rxf4+ 32. Kg2 Nd4 33. Rd2 Ne6
34. Ra3 Rc7 35. Rd5 Rfxc4 0-1

[Event "American Cup Blitz 2026"]
[Site "Saint Louis USA"]
[Date "2026.03.02"]
[Round "3.25"]
[White "Li, Rachael"]
[Black "Sukandar, Irine Kharisma"]
[Result "1-0"]
[WhiteTitle "WIM"]
[BlackTitle "IM"]
[WhiteElo "2358"]
[BlackElo "2330"]
[WhiteFideId "30929849"]
[BlackFideId "7101937"]
[EventDate "2026.03.02"]

1. Nf3 d5 2. b3 Nf6 3. Bb2 e6 4. g3 c5 5. Bg2 Nc6 6. d3 Be7 7. Nbd2 O-O 8. O-O
Qc7 9. e4 d4 10. Ne1 e5 11. h3 Ne8 12. f4 f5 13. exf5 Bxf5 14. g4 Be6 15. f5 Bf7
16. Ne4 Nd6 17. f6 Bxf6 18. Nxf6+ gxf6 19. Rxf6 Bg6 20. Qf3 e4 21. Qf4 Rxf6 22.
Qxf6 Rf8 23. Qe6+ Bf7 24. Qh6 Bg6 25. dxe4 Bxe4 26. Qg5+ Kh8 27. Qxc5 Qf7 28.
Qxd6 Qf2+ 29. Kh2 Kg8 30. Qe6+ 1-0

[Event "American Cup Blitz 2026"]
[Site "Saint Louis USA"]
[Date "2026.03.02"]
[Round "3.26"]
[White "Tang, Zoey"]
[Black "Stremavicius, Titas"]
[Result "1-0"]
[WhiteTitle "FM"]
[BlackTitle "GM"]
[WhiteElo "2356"]
[BlackElo "2547"]
[WhiteFideId "30952530"]
[BlackFideId "12804444"]
[EventDate "2026.03.02"]

1. d4 e6 2. Nf3 d5 3. Bf4 Bd6 4. Bxd6 cxd6 5. e3 Nf6 6. c4 Nc6 7. Nc3 Ne7 8.
cxd5 Nexd5 9. Bd3 O-O 10. O-O Nxc3 11. bxc3 Qe7 12. Qc2 e5 13. Nd2 Be6 14. c4
Rfc8 15. Rab1 exd4 16. exd4 d5 17. c5 b6 18. Rfc1 bxc5 19. dxc5 Nd7 20. Bxh7+
Kh8 21. c6 Ne5 22. c7 g6 23. Qc3 Qf6 24. Bxg6 fxg6 25. Re1 d4 26. Qxd4 Rxc7 27.
Rxe5 Rf8 28. Nf3 Bxa2 29. Ra1 Bg8 30. h4 Rcf7 31. h5 gxh5 32. Rxh5+ Bh7 33.
Qxf6+ Rxf6 34. Rxa7 1-0

[Event "American Cup Blitz 2026"]
[Site "Saint Louis USA"]
[Date "2026.03.02"]
[Round "3.27"]
[White "Zatonskih, Anna"]
[Black "Mikaelyan, Arman"]
[Result "0-1"]
[WhiteTitle "IM"]
[BlackTitle "GM"]
[WhiteElo "2328"]
[BlackElo "2494"]
[WhiteFideId "14101572"]
[BlackFideId "13304852"]
[EventDate "2026.03.02"]

1. e4 c5 2. g3 g6 3. Bg2 Bg7 4. d3 Nc6 5. f4 Rb8 6. a4 a6 7. Nf3 b5 8. axb5 axb5
9. O-O d6 10. c3 Nf6 11. h3 O-O 12. Be3 b4 13. Bf2 bxc3 14. bxc3 Nd7 15. d4 cxd4
16. cxd4 Nb4 17. Re1 Ba6 18. Bf1 Bxf1 19. Rxf1 Qc7 20. Qd2 Rfc8 21. Na3 Qc3 22.
Qxc3 Rxc3 23. Be1 Rxf3 24. Rxf3 Bxd4+ 0-1

[Event "American Cup Blitz 2026"]
[Site "Saint Louis USA"]
[Date "2026.03.02"]
[Round "3.28"]
[White "Heimann, Mark"]
[Black "Boros, Denes"]
[Result "1-0"]
[WhiteTitle "GM"]
[BlackTitle "GM"]
[WhiteElo "2511"]
[BlackElo "2371"]
[WhiteFideId "2028441"]
[BlackFideId "722340"]
[EventDate "2026.03.02"]

1. e4 Nc6 2. d4 e5 3. d5 Nce7 4. Nf3 Ng6 5. h4 h5 6. Bg5 Be7 7. c4 Nf6 8. Nc3 d6
9. g3 Bg4 10. Be2 Nd7 11. Be3 a5 12. Ng5 Nf6 13. f3 Bd7 14. Qd2 a4 15. Bd3 Nh7
16. Nxh7 Rxh7 17. O-O-O c5 18. f4 Bf6 19. f5 Ne7 20. Be2 Qb6 21. Bg5 Qb4 22. a3
Qb3 23. Bxf6 gxf6 24. Qc2 Qb6 25. Rdg1 Qa5 26. g4 hxg4 27. Rxg4 O-O-O 28. h5
Rdh8 29. Rg3 Kb8 30. Rhg1 Qa6 31. Rg7 Be8 32. Rxh7 Rxh7 33. Qd2 Qb6 34. h6 Qd8
35. Rg7 Rxg7 36. hxg7 Bd7 37. Qh6 Ng8 38. Qh8 Qe8 39. Bh5 Ne7 40. Bxf7 1-0

[Event "American Cup Blitz 2026"]
[Site "Saint Louis USA"]
[Date "2026.03.02"]
[Round "3.29"]
[White "Chirila, Ioan-Cristian"]
[Black "Yu, Jennifer"]
[Result "1-0"]
[WhiteTitle "GM"]
[BlackTitle "FM"]
[WhiteElo "2506"]
[BlackElo "2299"]
[WhiteFideId "1211668"]
[BlackFideId "2078341"]
[EventDate "2026.03.02"]

1. d4 d5 2. c4 e6 3. Nc3 a6 4. cxd5 exd5 5. Bf4 Nf6 6. e3 Bd6 7. Bg5 c6 8. Qc2
h6 9. Bh4 Be6 10. Bd3 Nbd7 11. Nge2 O-O 12. h3 c5 13. dxc5 Nxc5 14. O-O Rc8 15.
Rfd1 b5 16. a3 Bb8 17. Bh7+ Kh8 18. Bf5 Qd7 19. Nd4 Nfe4 20. Nxe6 fxe6 21. Bxe4
Nxe4 22. Qxe4 Qc7 23. Qxe6 Qh2+ 24. Kf1 Qh1+ 25. Ke2 Qxg2 26. Qg4 Qh2 27. Rxd5
Rc4 28. Rd4 Rxd4 29. Qxd4 Qxh3 30. Rg1 Qf3+ 31. Ke1 Qf7 32. Nd5 Ba7 33. Qe5 Re8
34. Rxg7 Rxe5 35. Rxf7 Bd4 36. Bf6+ 1-0

[Event "American Cup Blitz 2026"]
[Site "Saint Louis USA"]
[Date "2026.03.02"]
[Round "3.30"]
[White "Raja, Harshit"]
[Black "Apaar Saxena"]
[Result "1-0"]
[WhiteTitle "GM"]
[BlackTitle "FM"]
[WhiteElo "2472"]
[BlackElo "2263"]
[WhiteFideId "5089000"]
[BlackFideId "25937219"]
[EventDate "2026.03.02"]

1. e4 e5 2. Nf3 Nc6 3. Bb5 Nf6 4. O-O Nxe4 5. Re1 Nd6 6. Nxe5 Be7 7. Bf1 Nf5 8.
Nf3 O-O 9. d4 d5 10. c3 Bd6 11. Na3 Bxa3 12. bxa3 Nce7 13. a4 Nd6 14. Ba3 Bg4
15. h3 Bh5 16. g3 f6 17. Bg2 Qd7 18. Qb3 Rfe8 19. Nd2 c6 20. Bxd6 Qxd6 21. Qxb7
Rab8 22. Qxa7 Ra8 23. Qb7 Rab8 24. Qa6 Ra8 25. Qd3 Rxa4 26. Nb3 Bg6 27. Qd2 Rea8
28. Nc5 Ra3 29. Re6 Qc7 30. Rae1 Rxa2 31. Qd1 Nf5 32. Qb3 R2a3 33. Rxc6 Rxb3 34.
Rxc7 Rd8 35. Nxb3 1-0

[Event "American Cup Blitz 2026"]
[Site "Saint Louis USA"]
[Date "2026.03.02"]
[Round "3.31"]
[White "Wang, Tianqi"]
[Black "Cervantes Landeiro, Thalia"]
[Result "1-0"]
[WhiteTitle "IM"]
[BlackTitle "FM"]
[WhiteElo "2331"]
[BlackElo "2247"]
[WhiteFideId "2063824"]
[BlackFideId "3520498"]
[EventDate "2026.03.02"]

1. Nf3 Nf6 2. c4 e6 3. e3 d5 4. Qc2 c5 5. a3 Nc6 6. d3 Be7 7. b3 O-O 8. Bb2 b6
9. Be2 Bb7 10. Nbd2 Rc8 11. O-O a6 12. Rfe1 b5 13. Rac1 Qb6 14. Bf1 h6 15. Qb1
Rfd8 16. h3 dxc4 17. bxc4 Na5 18. Ne5 bxc4 19. Nexc4 Nxc4 20. Nxc4 Qb5 21. a4
Qe8 22. Bxf6 Bxg2 23. Bxe7 Bxf1 24. Bxd8 Bxh3 25. Bh4 Qc6 26. e4 e5 27. Kh2 Bg4
28. Qb6 Qd7 29. Qd6 Qxa4 30. Nxe5 Be6 31. Rg1 1-0

[Event "American Cup Blitz 2026"]
[Site "Saint Louis USA"]
[Date "2026.03.02"]
[Round "3.32"]
[White "Abrahamyan, Tatev"]
[Black "Caglar, Sila"]
[Result "0-1"]
[WhiteTitle "IM"]
[BlackTitle "WIM"]
[WhiteElo "2379"]
[BlackElo "2215"]
[WhiteFideId "13301918"]
[BlackFideId "6364063"]
[EventDate "2026.03.02"]

1. e4 c5 2. Nf3 g6 3. c3 d5 4. e5 Bg7 5. h3 Nc6 6. d4 Bf5 7. Bb5 cxd4 8. cxd4
Bxb1 9. Bxc6+ bxc6 10. Rxb1 Nh6 11. O-O O-O 12. Bd2 a5 13. Qa4 Qb6 14. Rfc1 Ra6
15. Rc5 Rfa8 16. b3 f6 17. exf6 exf6 18. Rbc1 Rc8 19. Rxd5 Nf5 20. Rxa5 Rxa5 21.
Qxa5 Qxa5 22. Bxa5 Ra8 23. Bd2 Rxa2 24. Rxc6 Nxd4 25. Rc8+ Kf7 26. Rc7+ Kg8 27.
Nxd4 Rxd2 28. Ne6 Bh6 29. b4 Re2 30. Re7 Re1+ 31. Kh2 Bf4+ 32. g3 Bd6 33. Rd7
Rxe6 34. b5 Bc5 35. Rc7 Bxf2 36. Kg2 Bb6 37. Rb7 h5 38. Kf3 g5 39. h4 gxh4 40.
gxh4 Bd4 41. Kf4 Rb6 42. Rd7 Be5+ 43. Kf5 Rxb5 44. Kg6 Kf8 45. Kxh5 Rb4 46. Rd3
Kf7 47. Rd7+ Ke6 48. Rd3 Kf5 49. Rf3+ Bf4 50. Ra3 Rb8 0-1

[Event "American Cup Blitz 2026"]
[Site "Saint Louis USA"]
[Date "2026.03.02"]
[Round "3.33"]
[White "Gueci, Tea"]
[Black "Atwell, Rose"]
[Result "0-1"]
[WhiteTitle "WIM"]
[BlackTitle "FM"]
[WhiteElo "2138"]
[BlackElo "2337"]
[WhiteFideId "872342"]
[BlackFideId "30951011"]
[EventDate "2026.03.02"]

1. e4 e6 2. Qe2 Nf6 3. e5 Nd5 4. g3 Nc6 5. Nf3 Bc5 6. c3 O-O 7. d4 Bb6 8. Bg2 d6
9. exd6 cxd6 10. O-O Re8 11. Nfd2 Nf6 12. Nc4 Bc7 13. a4 e5 14. d5 Ne7 15. Bg5
Ng6 16. Nbd2 h6 17. Bxf6 Qxf6 18. b4 Qe7 19. b5 Bd7 20. Nb2 f5 21. c4 e4 22. Nb3
f4 23. Qh5 Qf6 24. Rab1 f3 25. Bh3 Re5 0-1

[Event "American Cup Blitz 2026"]
[Site "Saint Louis USA"]
[Date "2026.03.02"]
[Round "4.1"]
[White "Mishra, Abhimanyu"]
[Black "So, Wesley"]
[Result "1/2-1/2"]
[WhiteTitle "GM"]
[BlackTitle "GM"]
[WhiteElo "2629"]
[BlackElo "2753"]
[WhiteFideId "30920019"]
[BlackFideId "5202213"]
[EventDate "2026.03.02"]

1. e4 e5 2. Nf3 Nc6 3. Bc4 Bc5 4. c3 Nf6 5. d3 a6 6. O-O Ba7 7. a4 O-O 8. Re1 d6
9. h3 b5 10. Ba2 h6 11. Nbd2 b4 12. Nf1 Be6 13. Bxe6 fxe6 14. Ng3 Rb8 15. d4
bxc3 16. bxc3 Qe8 17. Be3 exd4 18. cxd4 Na5 19. Qc2 Rf7 20. Rab1 Rxb1 21. Rxb1
Bb6 22. e5 Nd5 23. exd6 cxd6 24. Ne4 Rc7 25. Qd3 Nc4 26. Nfd2 Qxa4 27. Nxc4 Qxc4
28. Qxc4 Rxc4 29. Nxd6 Rb4 30. Rxb4 Nxb4 31. Nc4 Ba7 32. Na5 Nc2 33. Nc6 Bb6 34.
Kf1 a5 35. Ke2 a4 36. Kd2 Na3 37. Kc3 Nb5+ 38. Kb4 a3 39. Kb3 Kf7 40. Ne5+ Ke7
41. Nc4 Bxd4 42. Bxd4 Nxd4+ 43. Kxa3 Ne2 44. Kb3 1/2-1/2

[Event "American Cup Blitz 2026"]
[Site "Saint Louis USA"]
[Date "2026.03.02"]
[Round "4.2"]
[White "Lodici, Lorenzo"]
[Black "Pranav, V"]
[Result "0-1"]
[WhiteTitle "GM"]
[BlackTitle "GM"]
[WhiteElo "2590"]
[BlackElo "2641"]
[WhiteFideId "884189"]
[BlackFideId "25060783"]
[EventDate "2026.03.02"]

1. e4 e5 2. Nf3 Nc6 3. Bb5 a6 4. Ba4 Nf6 5. O-O Be7 6. Bxc6 dxc6 7. Re1 Nd7 8.
c3 O-O 9. d4 exd4 10. cxd4 b5 11. Bf4 Bb7 12. Nc3 Re8 13. Rc1 c5 14. d5 c4 15.
Nd4 Nc5 16. Nf5 Bf8 17. Re3 Nd3 18. Nh6+ gxh6 19. Rg3+ Bg7 20. Bxh6 Qf6 21. Bxg7
Qxf2+ 22. Kh1 Qxg3 23. Bd4 Qg6 24. Rc2 b4 0-1

[Event "American Cup Blitz 2026"]
[Site "Saint Louis USA"]
[Date "2026.03.02"]
[Round "4.3"]
[White "Bok, Benjamin"]
[Black "Gazik, Viktor"]
[Result "1-0"]
[WhiteTitle "GM"]
[BlackTitle "GM"]
[WhiteElo "2592"]
[BlackElo "2537"]
[WhiteFideId "1017063"]
[BlackFideId "14928752"]
[EventDate "2026.03.02"]

1. d4 Nf6 2. c4 Nc6 3. Nf3 d6 4. Nc3 e5 5. g3 Bg4 6. Bg2 Be7 7. O-O O-O 8. h3
Bh5 9. Be3 Bxf3 10. Bxf3 exd4 11. Bxd4 Nxd4 12. Qxd4 c6 13. Rfd1 Qa5 14. b4 Qc7
15. b5 Nd7 16. bxc6 bxc6 17. Rab1 Ne5 18. Bg2 Rab8 19. Ne4 Rfd8 20. Rb3 h6 21.
Rdb1 Rxb3 22. Rxb3 Qa5 23. Rb7 Rd7 24. Rxd7 Nxd7 25. Nxd6 Ne5 26. c5 Bf6 27. Qe3
g5 28. f4 gxf4 29. gxf4 Qe1+ 30. Kh2 Qa1 31. Bxc6 Nxc6 32. Qe8+ Kh7 33. Qxf7+
Bg7 34. Qf5+ Kh8 35. Qc8+ Kh7 36. Qxc6 Bd4 37. Qe4+ Kg8 38. Qg6+ Bg7 39. Nf5 1-0

[Event "American Cup Blitz 2026"]
[Site "Saint Louis USA"]
[Date "2026.03.02"]
[Round "4.4"]
[White "Kadric, Denis"]
[Black "Dominguez Perez, Leinier"]
[Result "0-1"]
[WhiteTitle "GM"]
[BlackTitle "GM"]
[WhiteElo "2540"]
[BlackElo "2738"]
[WhiteFideId "14403803"]
[BlackFideId "3503240"]
[EventDate "2026.03.02"]

1. e4 e5 2. Nf3 Nc6 3. Bc4 Bc5 4. c3 Nf6 5. d3 d6 6. O-O O-O 7. h3 a6 8. Bb3 h6
9. Re1 Re8 10. Nbd2 Be6 11. Bc2 d5 12. exd5 Bxd5 13. b4 Ba7 14. a3 Qd7 15. Ne4
Nxe4 16. dxe4 Be6 17. Qxd7 Bxd7 18. Bb3 Be6 19. Bd5 f6 20. Bxe6+ Rxe6 21. Be3
Bxe3 22. Rxe3 Rd6 23. Kf1 a5 24. Rc1 Nd8 25. Ke2 Ne6 26. g3 Rda6 27. Rd3 axb4
28. axb4 Ra2+ 29. Rd2 Kf7 30. Rcc2 Rxc2 31. Rxc2 h5 32. h4 Ra1 33. Nd2 g5 34.
Nf3 gxh4 35. Nxh4 Ng5 36. f3 Rg1 37. Kf2 Nh3+ 38. Ke3 Rxg3 39. Rd2 Ke6 40. Nf5
Rg8 41. Nh6 Rg6 42. Nf5 Nf4 43. Rd8 Rg2 44. Nd4+ Ke7 45. Rb8 Rb2 46. Nf5+ Kd7
47. Nd4 Ng2+ 48. Kd3 exd4 49. Kxd4 0-1

[Event "American Cup Blitz 2026"]
[Site "Saint Louis USA"]
[Date "2026.03.02"]
[Round "4.5"]
[White "Hong, Andrew"]
[Black "Hardaway, Brewington"]
[Result "1-0"]
[WhiteTitle "GM"]
[BlackTitle "GM"]
[WhiteElo "2587"]
[BlackElo "2544"]
[WhiteFideId "2099438"]
[BlackFideId "30941849"]
[EventDate "2026.03.02"]

1. d4 Nf6 2. Nc3 d5 3. Bf4 e6 4. e3 Bb4 5. h4 c5 6. Ne2 Nc6 7. a3 cxd4 8. exd4
Bd6 9. Qd2 a6 10. h5 h6 11. O-O-O b5 12. Bxd6 Qxd6 13. Qf4 Qe7 14. g4 Nd7 15.
Ng3 b4 16. axb4 Qxb4 17. Rd3 Qb8 18. Qxb8 Rxb8 19. f4 a5 20. f5 Nf6 21. Bh3 Nh7
22. Re1 Ng5 23. Bg2 Kd7 24. Na4 Kd6 25. c3 Re8 26. Rde3 e5 27. dxe5+ Rxe5 28.
Rxe5 Nxe5 29. Rd1 Bb7 30. f6 gxf6 31. Nf5+ Kc7 32. Bxd5 Nxg4 33. Bxb7 Rxb7 34.
Rd5 Ra7 35. c4 Ne6 36. Kc2 Ne5 37. Kc3 Nf4 38. Rc5+ Kd7 39. Nxh6 Nxh5 40. Nf5
Nf4 41. b3 Nc6 42. Rb5 Ne2+ 43. Kd3 Nf4+ 44. Ke4 Ne6 45. Nb6+ Kd8 46. Nd5 a4 47.
bxa4 Rxa4 48. Nd6 Kd7 49. Nb6+ Kxd6 50. Nxa4 Nc7 51. Rf5 Ke7 52. Nc3 Ne8 53.
Nd5+ Ke6 54. Nf4+ Ke7 55. c5 Nd8 56. Nd5+ Ke6 57. Rf1 Nc6 58. Nf4+ Ke7 59. Rb1
Nc7 60. Rb7 Kd8 61. Rb6 Kd7 62. Rb1 Ne7 63. Nd3 Nc6 64. Rf1 Ke6 65. Nf4+ Kd7 66.
Nd5 Ne6 67. Nxf6+ Ke7 68. Nd5+ Ke8 69. Nf6+ Ke7 70. Kd5 Nb4+ 71. Kc4 Nc6 72.
Nd5+ Ke8 73. Kb5 Ne5 74. Re1 Nd3 75. Nc7+ Kd7 76. Rd1 Nxc7+ 77. Kc4 f5 78. Rxd3+
Ke6 79. Rd6+ Ke5 80. Rd7 Ne6 81. c6 f4 82. c7 Nxc7 83. Rxc7 Ke4 84. Re7+ 1-0

[Event "American Cup Blitz 2026"]
[Site "Saint Louis USA"]
[Date "2026.03.02"]
[Round "4.6"]
[White "Caruana, Fabiano"]
[Black "Can, Isik"]
[Result "1-0"]
[WhiteTitle "GM"]
[BlackTitle "GM"]
[WhiteElo "2795"]
[BlackElo "2562"]
[WhiteFideId "2020009"]
[BlackFideId "6383742"]
[EventDate "2026.03.02"]

1. e4 c6 2. d4 d5 3. e5 Bf5 4. Bd3 Bxd3 5. Qxd3 e6 6. c3 Ne7 7. Ne2 Nf5 8. Nd2
c5 9. O-O Nc6 10. Nf3 Rc8 11. g3 Be7 12. h4 Qb6 13. h5 h6 14. Bd2 Qxb2 15. Rfb1
Qa3 16. Rxb7 cxd4 17. Nexd4 Nfxd4 18. Nxd4 O-O 19. Nxc6 Rxc6 20. Qd4 Rb6 21. Bc1
Qc5 22. Rxa7 Rc6 23. Be3 Rfc8 24. a4 Qxd4 25. cxd4 Bb4 26. a5 Bc3 27. Ra2 Rc4
28. a6 Rb4 29. Rb7 Ra8 30. Rxb4 Bxb4 31. a7 Be7 32. g4 Bd8 33. Ra6 Kf8 34. f4
Ke8 35. f5 Kd7 36. Kg2 Be7 37. Kf3 Bd8 38. Bd2 Be7 39. Ba5 Kc8 40. Rc6+ Kd7 41.
Rc7+ 1-0

[Event "American Cup Blitz 2026"]
[Site "Saint Louis USA"]
[Date "2026.03.02"]
[Round "4.7"]
[White "Aronian, Levon"]
[Black "Quesada Perez, Yasser"]
[Result "1-0"]
[WhiteTitle "GM"]
[BlackTitle "GM"]
[WhiteElo "2729"]
[BlackElo "2562"]
[WhiteFideId "13300474"]
[BlackFideId "3509362"]
[EventDate "2026.03.02"]

1. e4 e5 2. d3 d5 3. exd5 Qxd5 4. Nc3 Qd8 5. g3 Nf6 6. Bg2 Bd6 7. Nge2 O-O 8.
O-O Nc6 9. h3 h6 10. g4 Nd4 11. Ng3 c5 12. Nce4 Be7 13. Nxf6+ Bxf6 14. Be3 Bg5
15. Ne4 Qe7 16. Qd2 Ne6 17. Qc3 Bf4 18. Rae1 f5 19. gxf5 Rxf5 20. Nxc5 Qh4 21.
Ne4 Ng5 22. Qc4+ Be6 23. Nxg5 Bxc4 24. Nf3 Qh5 25. dxc4 Raf8 26. Bxa7 g5 27. Bc5
Rc8 28. Bd6 e4 29. Nd4 Rf6 30. c5 g4 31. Rxe4 gxh3 32. Bf3 Qh4 33. Kh1 Kh8 34.
Be5 Rf8 35. Rxf4 1-0

[Event "American Cup Blitz 2026"]
[Site "Saint Louis USA"]
[Date "2026.03.02"]
[Round "4.8"]
[White "Woodward, Andy"]
[Black "Sonis, Francesco"]
[Result "1-0"]
[WhiteTitle "GM"]
[BlackTitle "GM"]
[WhiteElo "2608"]
[BlackElo "2561"]
[WhiteFideId "30953499"]
[BlackFideId "895733"]
[EventDate "2026.03.02"]

1. d4 Nf6 2. c4 e6 3. g3 Bb4+ 4. Bd2 Be7 5. Bg2 d5 6. Nf3 O-O 7. O-O c6 8. Qc2
Nbd7 9. Rc1 Ne4 10. Be1 Bd6 11. b4 Qe7 12. Nc3 f5 13. b5 Ndf6 14. bxc6 bxc6 15.
e3 Ba6 16. Bf1 Nxc3 17. Bxc3 Ba3 18. Bb2 Bxb2 19. Qxb2 Rab8 20. Qc2 Qa3 21. Rab1
Rb6 22. Ne5 c5 23. Rb3 Rxb3 24. axb3 cxd4 25. exd4 f4 26. Bh3 Qe7 27. cxd5 exd5
28. Qc6 fxg3 29. hxg3 h6 30. Qxa6 Ne4 31. Qe6+ 1-0